| 000 | 00978nam a22002657a 4500 | ||
|---|---|---|---|
| 003 | BPGM | ||
| 008 | 260626n mx ob||g |||| 000 0 spa d | ||
| 020 | _a0187-5760 | ||
| 040 | _bspa | ||
| 041 |
_aspa _hspa |
||
| 082 | 0 | 4 |
_a861M _bP3485/S53 |
| 245 | _aLA SIERRA GORDA ULTIMO BASTION DEL AGUILA Y EL JAGUAR | ||
| 250 | _aPRIMERA EDICION | ||
| 260 |
_aMEXICO _bGOBIERNO DEL ESTADO DE QUERETARO |
||
| 300 |
_a60 paginas _c31 cm x 27 cm |
||
| 336 |
_2rdacontent _atexto _btxt |
||
| 337 |
_2rdamedia _asin mediación _bn |
||
| 338 |
_2rdacarrier _avolumen _bnc |
||
| 505 | _aes una obra poética y fotográfica que celebra la riqueza natural y cultural de la Sierra Gorda, destacando al jaguar y al águila real como símbolos de fuerza, libertad y resistencia. | ||
| 650 | _2LITERATURA Y RETÓRICA | ||
| 650 | _2LITERATURA ESPAÑOLA Y PORTUGUESA | ||
| 650 | _2LITERATURA ESPAÑOLA Y PORTUGUESA | ||
| 700 |
_aRIVERO TORRES, JOSE MANUEL _eIMAGENES |
||
| 942 |
_2ddc _cCOLQ |
||
| 999 |
_c68674 _d68674 |
||